书目信息 |
| 题名: |
这样吃能治病
|
|
| 作者: | 基尔申曼 著 ;朱奇志 , 范岳峰 , 胡立宝 译 | |
| 分册: | ||
| 出版信息: | 北京 东方出版社 2009.05 |
|
| 页数: | 244页 | |
| 开本: | 24cm | |
| 丛书名: | ||
| 单 册: | ||
| 中图分类: | R459.3 | |
| 科图分类: | ||
| 主题词: | 食物疗法--Shi Wu Liao Fa | |
| 电子资源: | ||
| ISBN: | 978-7-5060-3484-5 | |
| 000 | 01102nam0 2200289 450 | |
| 001 | 012009613853 | |
| 005 | 20100524114139.78 | |
| 010 | @a978-7-5060-3484-5@dCNY29.00 | |
| 100 | @a20100515d2009 em y0chiy0110 ea | |
| 101 | 1 | @achi@ceng |
| 102 | @aCN@b110000 | |
| 105 | @ay z 000yy | |
| 200 | 1 | @a这样吃能治病@AZhe Yang Chi Neng Zhi Bing@d= Nutrition almanac@f(美) 约翰·D.基尔申曼著@F(mei)yue han·D.ji er shen man zhu@g朱奇志, 范岳峰, 胡立宝译@Gzhu qi zhi,fan yue feng,hu li bao yi@zeng |
| 210 | @a北京@c东方出版社@d2009.05 | |
| 215 | @a244页@d24cm | |
| 305 | @a据原书第6版译出 | |
| 306 | @a由东方出版社和美国麦格劳-希尔教育(亚洲)出版公司合作出版 | |
| 330 | @a本书涵盖139种疾病,教您丰富的医学知识,为您一生的合理化膳食提供专业、全面的参考。 | |
| 500 | 10 | @aNutrition almanac@mChinese |
| 606 | 0 | @a食物疗法@AShi Wu Liao Fa |
| 690 | @aR459.3@v4 | |
| 701 | 1 | @a基尔申曼@Aji er shen man@g(Kirschmann, John D.)@4著 |
| 702 | 0 | @a朱奇志@Azhu qi zhi@4译 |
| 702 | 0 | @a范岳峰@Afan yue feng@4译 |
| 702 | 0 | @a胡立宝@Ahu li bao@4译 |
| 801 | 0 | @aCN@c20100515 |
| 905 | @dR459.3@eJ038-2@f3 | |
| 这样吃能治病= Nutrition almanac/(美) 约翰·D.基尔申曼著/朱奇志, 范岳峰, 胡立宝译.-北京:东方出版社,2009.05 |
| 244页;24cm |
| ISBN 978-7-5060-3484-5:CNY29.00 |
| 本书涵盖139种疾病,教您丰富的医学知识,为您一生的合理化膳食提供专业、全面的参考。 |
| ● |
| 相关链接 |
|
|
|
正题名:这样吃能治病
索取号:R459.3/J038-2
 
预约/预借
| 序号 | 登录号 | 条形码 | 馆藏地/架位号 | 状态 | 备注 |
| 1 | 982551 | 209825518 | 自科库401/401自科库 17排2列1层/ [索取号:R459.3/J038-2] | 在馆 | |
| 2 | 982552 | 209825527 | 自科库401/401自科库 17排2列1层/ [索取号:R459.3/J038-2] | 在馆 | |
| 3 | 982553 | 209825536 | 自科库401/401自科库 17排2列1层/ [索取号:R459.3/J038-2] | 在馆 |